000 00934nam a2200265 a 4500
001 000006842
003 DO-SdBNP
005 20251117093451.0
007 ta
008 090903s2002 dr 000 0 spa d
040 _aDO-SdBNP
_bspa
_cBNPHU
082 4 _a382.91
_bR426a
_222
110 1 _aRepública Dominicana.
_9447
240 0 _a[Tratados, etc.]
245 1 0 _aAcuerdo de libre comercio entre la comunidad del Caribe (CARICOM) y la República Dominicana /
_cPrólogo Miguel Ceara-Hatton.
260 _aSanto Domingo :
_bSecretaria de Estado de Relaciones Exteriores,
_c2002.
300 _a461 p. :
_bil. ;
_c23 cm.
590 _aInventariado, 2018/VM
650 4 _aTratados comerciales
_zRepública Dominicana
_912395
650 4 _aTratados comerciales
_zCaribe (Región)
_919007
650 0 _aLibre comercio
_98570
700 1 _aCeara-Hatton,
_epról.
_910172
910 _aValidado. Control de calidad MFF
942 _2ddc
_cLBS1
999 _c6630
_d6630